A sense of mission : (Record no. 394)
[ view plain ]
| 000 -LEADER | |
|---|---|
| fixed length control field | 01433cam a2200397 a 4500 |
| 003 - CONTROL NUMBER IDENTIFIER | |
| control field | data |
| 005 - DATE AND TIME OF LATEST TRANSACTION | |
| control field | 20260322212018.0 |
| 008 - FIXED-LENGTH DATA ELEMENTS--GENERAL INFORMATION | |
| fixed length control field | data |
| 010 ## - LIBRARY OF CONGRESS CONTROL NUMBER | |
| LC control number | 93005122 |
| 020 ## - INTERNATIONAL STANDARD BOOK NUMBER | |
| International Standard Book Number | 0811806324 |
| 020 ## - INTERNATIONAL STANDARD BOOK NUMBER | |
| International Standard Book Number | 9780811806329 |
| 020 ## - INTERNATIONAL STANDARD BOOK NUMBER | |
| International Standard Book Number | 0811804046 |
| Terms of availability | (pbk.) |
| 020 ## - INTERNATIONAL STANDARD BOOK NUMBER | |
| International Standard Book Number | 9780811804042 |
| Terms of availability | (pbk.) |
| 020 ## - INTERNATIONAL STANDARD BOOK NUMBER | |
| International Standard Book Number | 0811843149 |
| Terms of availability | (pbk.) |
| 020 ## - INTERNATIONAL STANDARD BOOK NUMBER | |
| International Standard Book Number | 9780811843140 |
| Terms of availability | (pbk.) |
| 040 ## - CATALOGING SOURCE | |
| Original cataloging agency | DLC |
| Transcribing agency | DLC |
| Modifying agency | OUN |
| -- | YDXCP |
| -- | BAKER |
| -- | OUN |
| 043 ## - GEOGRAPHIC AREA CODE | |
| Geographic area code | n-ust-- |
| 050 00 - LIBRARY OF CONGRESS CALL NUMBER | |
| Classification number | F797 |
| Item number | .W34 1994 |
| 092 ## - LOCALLY ASSIGNED DEWEY CALL NUMBER (OCLC) | |
| Classification number | 726.5 W34 1994 |
| 001 - CONTROL NUMBER | |
| control field | data |
| 100 1# - MAIN ENTRY--PERSONAL NAME | |
| Personal name | Wakely, David. |
| 245 12 - TITLE STATEMENT | |
| Title | A sense of mission : |
| Remainder of title | historic churches of the Southwest / |
| Statement of responsibility, etc. | David Wakely, Thomas A. Drain & N. Scott Momaday. |
| 260 ## - PUBLICATION, DISTRIBUTION, ETC. | |
| Place of publication, distribution, etc. | San Francisco : |
| Name of publisher, distributor, etc. | Chronicle Books, |
| Date of publication, distribution, etc. | c1994. |
| 300 ## - PHYSICAL DESCRIPTION | |
| Extent | ix, 132 p. : |
| Other physical details | col. ill, col. maps ; |
| Dimensions | 23 x 29 cm. |
| 504 ## - BIBLIOGRAPHY, ETC. NOTE | |
| Bibliography, etc. note | Includes bibliographical references (p. 130) and index. |
| 650 #0 - SUBJECT ADDED ENTRY--TOPICAL TERM | |
| Topical term or geographic name entry element | Spanish mission buildings |
| Geographic subdivision | Southwest, New. |
| 650 #0 - SUBJECT ADDED ENTRY--TOPICAL TERM | |
| Topical term or geographic name entry element | Spanish mission buildings |
| Geographic subdivision | Southwest, New |
| Form subdivision | Pictorial works. |
| 650 #0 - SUBJECT ADDED ENTRY--TOPICAL TERM | |
| Topical term or geographic name entry element | Architecture |
| Geographic subdivision | Southwest, New |
| Form subdivision | Pictorial works. |
| 650 #0 - SUBJECT ADDED ENTRY--TOPICAL TERM | |
| Topical term or geographic name entry element | Church buildings |
| Geographic subdivision | Southwest, New |
| Form subdivision | Pictorial works. |
| 651 #0 - SUBJECT ADDED ENTRY--GEOGRAPHIC NAME | |
| Geographic name | Southwest, New |
| General subdivision | History |
| Chronological subdivision | To 1848. |
| 700 1# - ADDED ENTRY--PERSONAL NAME | |
| Personal name | Drain, Thomas A. |
| 700 1# - ADDED ENTRY--PERSONAL NAME | |
| Personal name | Momaday, N. Scott, |
| Dates associated with a name | 1934- |
| 856 42 - ELECTRONIC LOCATION AND ACCESS | |
| Uniform Resource Identifier | <a href="http://www.loc.gov/catdir/enhancements/fy0721/93005122-d.html">http://www.loc.gov/catdir/enhancements/fy0721/93005122-d.html</a> |
| 856 42 - ELECTRONIC LOCATION AND ACCESS | |
| Uniform Resource Identifier | <a href="http://www.loc.gov/catdir/enhancements/fy0737/93005122-b.html">http://www.loc.gov/catdir/enhancements/fy0737/93005122-b.html</a> |
| Withdrawn status | Lost status | Damaged status | Not for loan | Home library | Current library | Shelving location | Date acquired | Total checkouts | Full call number | Barcode | Date last seen | Price effective from | Koha item type |
|---|---|---|---|---|---|---|---|---|---|---|---|---|---|
| Pleasant Valley | Pleasant Valley | General stacks | 22/03/2026 | F797 .W34 1994 | BC0010404 | 22/03/2026 | 22/03/2026 | Books |